=LDR 00000nam 2200000 4500 =001 INLIS000000000009993 =005 20130612101734 =008 ***********************************Ind** =035 ##$$0010-061300000009993 =041 ##$$a Ind =082 ##$$a 372.802 076 =090 ##$$a 372.802 076, Pen p =245 ##$$a Penunjang peningkatan prestasi belajar persiapan ujian nasional, evaluasi ulangan umum lengkap SLTP, Drs. Tatang Rahmat...[et.al] =260 ##$$a 2002 $b Bandung =300 ##$$a ...jil, 24 cm =650 ##$$a Pendidikan dasar - tes dan evaluasi =850 ##$$a NBPNMAT